| 000 | 01103nam a2200289 a 4500 | ||
|---|---|---|---|
| 001 | 000025317 | ||
| 005 | 20200930023713.0 | ||
| 008 | 110214s1995 sp 000 0 spa d | ||
| 020 | _a847506440x | ||
| 020 | _a8475064302 | ||
| 040 |
_aDO-SdBNP _bspa _cBNPHU |
||
| 082 |
_a868.5 _bB398ó |
||
| 100 | 1 |
_aBécquer, Gustavo Adolfo, _951858 |
|
| 245 | 1 | 0 |
_aObras completas / _cGustavo Adolfo Bécquer ; edición y prólogo de Ricardo Navas Ruiz. |
| 260 |
_aMadrid : _bTurner, _c1995. |
||
| 300 |
_a2 v. ; _c23 cm. |
||
| 490 | 1 | _aBiblioteca Castro | |
| 505 | 0 |
_gV. 1. _tPrimeros escritos. -- Teatro. -- Historia de los templos de España. -- _gV. 2. _tNarraciones. -- Cartas literarias a una mujer. -- Desde mi celda. -- Libro de los gorriones. -- Artículos, crónicas y cuadros. -- Miscelánea. |
|
| 650 | 4 |
_aLiteratura española _xColecciones de escritos _98735 |
|
| 650 | 4 |
_aPoesía española _9631 |
|
| 650 | 4 |
_aTeatro español _93071 |
|
| 650 | 4 |
_aEnsayos españoles _93095 |
|
| 700 | 1 |
_aNavas Ruiz, Ricardo, _eed. _951859 |
|
| 830 | 0 |
_aBiblioteca Castro _912631 |
|
| 910 | _aWM | ||
| 049 | _aBNGR | ||
| 999 |
_c24810 _d24810 |
||